| 000 | 00372nam a2200133Ia 4500 | ||
|---|---|---|---|
| 008 | 260604s9999 xx 000 0 und d | ||
| 020 | _a9780750678780 | ||
| 082 | _a658 STA | ||
| 100 |
_aMichael stankosky _935759 |
||
| 245 | 0 | _aCreating the Discipline of Knowledge Management: The Latest in University Research | |
| 260 | _bRoutledge | ||
| 500 | _aManagement | ||
| 942 | _cBK | ||
| 999 |
_c8586 _d8586 |
||